Click Chain #16 - Television & Cinema+ - Statistics

General Stats
  • This quiz has been taken 7,310 times
  • The average score is 23 of 36
Answer Stats
Hint Answer % Correct
The greatest German singer/actor/AGT judge is: David Hasselhoff
91%
...who was known as a shirtless hunk because of the show: Baywatch
89%
...where one might expect to be saved by the beautiful: Pamela Anderson
86%
...whose name is awfully similar to: Tommy Lee Jones
83%
...who probably wished he had a neuralyzer after he slapped the face of: Chris Rock
80%
...who played a zebra in a poorly animated children's movie called: Madagascar
80%
...where people's memories were erased on many occasions by: Will Smith
78%
...who went by Agent K in the film: Men in Black
77%
...which was directed by: Steven Spielberg
74%
...who had a rocky marriage with musician: Tommy Lee
73%
...who was an awful human being and Nazi officer in: Schindler's List
72%
...who, of the seven or so actors to choose from, was probably the sexiest to play: James Bond
70%
...which featured a vegetarian lion voiced by: Ben Stiller
66%
...who won an Oscar for her performance in the mind-bending: Everything Everywhere All at Once
65%
...who did magic and helped the protagonist to fight evil and such in: Harry Potter
65%
...whose father was portrayed by legendary Scottish actor: Sean Connery
65%
...who was the subject of parody in the film: Austin Powers
64%
...the live-action remake of which starred: Emma Watson
64%
...whose name is awfully similar to the murderer in the film: Halloween
63%
...who was played by: Mike Myers
63%
...the original of which was part of the: Disney Renaissance
62%
...in which a "figure" stalks a teenage babysitter played by: Jamie Lee Curtis
62%
...which was so controversial that people mostly ignored the blackface worn by: Robert Downey Jr.
62%
...whose primary antagonist was played by: Ralph Fiennes
60%
...which includes the Oscar-nominated film: Beauty and the Beast
58%
...who also plays a villainous anthropomorphic automobile in: Cars
58%
...where the protagonist was played by: Michelle Yeoh
57%
...who killed a panda in: Tropic Thunder
56%
...which is based on a character created by: Marvel Comics
53%
...who also appeared in the 2021 film: Shang-Chi and the Legend of the Ten Rings
53%
...which has talking cars, just like: Knight Rider
52%
...whose primary antagonist is a bird-themed character played by: Michael Keaton
52%
...whose studios co-produced: Spiderman: Homecoming
52%
...who directed his soon-to-be-wife as a female lead in the film series: Indiana Jones
45%
...who did not appear in a film for several years after the financial and critical bomb: Dolittle
42%
...which was the second worst box office bomb of 2020, after the live-action remake of: Mulan
34%
No matching quizzes found
Score Distribution
Percent of People with Each Score
Percentile by Number Answered
Your Score History
You have not taken this quiz